Parole - Héléna - Adieu mon amour - Statistiques

Statistiques générales
  • Ce quiz a été pris 304 fois
  • Le résultat moyen est 176 sur 194
Statistiques - réponses
Réponse % Correct
à
100%
je
100%
te
100%
adieu
99%
amour
99%
la
99%
mon
99%
un
99%
ce
98%
laisse
98%
le
98%
une
98%
autre
97%
de
97%
pas
97%
ta
97%
c'est
96%
dans
96%
et
96%
ma
96%
me
96%
que
96%
faute
95%
ça
93%
fait
93%
j'ai
93%
lettre
93%
qui
93%
s'en
93%
tête
93%
ton
93%
dire
92%
en
92%
partir
92%
voulais
91%
trop
90%
cigarettes
89%
faire
89%
fête
89%
histoire
89%
moi
89%
notre
89%
soir
89%
tu
89%
coeur
88%
j'fumerai
88%
j'vais
88%
s'arrête
88%
toi
88%
va
88%
vide
88%
vie
88%
beau
87%
c'etait
86%
crois
86%
jour
86%
l'coeur
86%
les
86%
plus
86%
sans
86%
si
86%
celui
84%
facile
84%
fois
84%
lover
84%
miettes
84%
n'avais
84%
quitte
84%
tout
84%
d'être
83%
deux
83%
j'espère
83%
mais
83%
même
83%
pardonneras
83%
regrette
83%
sur
83%
virgule
83%
mes
82%
sentiments
82%
l'envie
81%
nuits
81%
qu'une
81%
m'prend
80%
point
80%
guéri
78%
m'étais
78%
peine
78%
vodka
78%
grand
77%
endormie
76%
s'emmêlent
72%
aussi
71%
ah-ah
55%
quil
20%
Aucun quiz correspondant
Distribution des résultats
% des personnes avec chaque résultat
Percentile par nombre de réponses
Votre historique - résultats
Vous n’avez pas pris ce quiz